Statistics for Top 10 oldest living NFL First Overall Picks

Click here to take the quiz!

General Stats

  • This quiz has been taken 7 times
  • The average score is 4 of 10

Answer Stats

AgePlayer% Correct
73Terry Bradshaw
80%
74O.J. Simpson
60%
100Charley Trippi
40%
71Ed Jones
40%
74Jim Plunkett
40%
75Ron Yary
20%
69Steve Bartkowski
20%
81Terry Baker
20%
79Tucker Frederickson
20%
72Walt Patulski
20%

Score Distribution

Percentile by Number Answered

Percent of People with Each Score

Your Score History

You have not taken this quiz